Movies with Criminal Protagonists Quiz Stats

 Plays Quiz Updated Oct 15, 2014

Also try: Movie by Limerick
Challenge
Share
Tweet
Embed
Score 0/26 Timer 08:00
0 Plays Today
Actor Movie % Correct
George ClooneyOcean's Eleven
83.3%
Paul WalkerThe Fast and the Furious
81.6%
Angelina JolieMr. & Mrs. Smith
80.6%
Tim RobbinsThe Shawshank Redemption
78.5%
Harrison FordThe Fugitive
73.8%
Sean ConneryThe Rock
73.6%
Nicolas CageGone in Sixty Seconds
72.6%
Charlize TheronMonster
70.9%
Susan SarandonThelma & Louise
70.4%
Julia RobertsPretty Woman
70.2%
Sylvester StalloneFirst Blood
62.3%
Vin DieselxXx
60.3%
Leonardo DiCaprioCatch Me If You Can
59.3%
Actor Movie % Correct
Nicolas CageCon Air
55.6%
Johnny DeppPirates of the Caribbean: The Curse of the Black Pearl
55.4%
Paul NewmanCool Hand Luke
54.7%
Antonio BanderasThe Mask of Zorro
52.7%
Billy Bob ThorntonSling Blade
51.3%
Mark WahlbergThe Italian Job
48.1%
Burt ReynoldsThe Longest Yard
43.3%
Kevin CostnerRobin Hood: Prince of Thieves
42.4%
Ron LivingstonOffice Space
40.7%
Jamie Lee CurtisA Fish Called Wanda
36.5%
Thomas JaneThe Punisher
33.8%
Charles BronsonDeath Wish
32.5%
John CusackGrosse Pointe Blank
31.8%

You're not logged in!

Compare scores with friends on all Sporcle quizzes.
OR
Log In

You Might Also Like...

Show Comments

Extras

Top Quizzes Today


Score Distribution

Your Account Isn't Verified!

In order to create a playlist on Sporcle, you need to verify the email address you used during registration. Go to your Sporcle Settings to finish the process.

Report this User

Report this user for behavior that violates our Community Guidelines.

Details: